<?xml version="1.0" encoding="UTF-8"?>
<marc:record xmlns:marc="http://www.loc.gov/MARC21/slim">
   <marc:leader>00000nam a2200000 a 4500</marc:leader>
   <marc:datafield ind1="1" ind2=" " tag="100">
      <marc:subfield code="a">Lüftner, Kai</marc:subfield>
      <marc:subfield code="4">aut</marc:subfield>
      <marc:subfield code="e">Verfasser/-in</marc:subfield>
   </marc:datafield>
   <marc:datafield ind1=" " ind2=" " tag="653">
      <marc:subfield code="a">Antolin</marc:subfield>
   </marc:datafield>
   <marc:datafield ind1=" " ind2=" " tag="653">
      <marc:subfield code="a">Klasse-1</marc:subfield>
   </marc:datafield>
   <marc:datafield ind1="0" ind2="0" tag="245">
      <marc:subfield code="a">Furzipups und Lulu Lavazunge</marc:subfield>
   </marc:datafield>
   <marc:datafield ind1=" " ind2="1" tag="264">
      <marc:subfield code="b">Coppenrath</marc:subfield>
      <marc:subfield code="c">2025</marc:subfield>
   </marc:datafield>
   <marc:datafield ind1="1" ind2=" " tag="490">
      <marc:subfield code="a">Furzipups</marc:subfield>
   </marc:datafield>
   <marc:datafield ind1="1" ind2=" " tag="520">
      <marc:subfield code="a">Der sechste Band der beliebten Kinderbuch-Reihe ? Bestseller-Reihe mit über 900.000 verkauften Büchern ? Wichtige Themen: Eifersucht, Zusammenhalt, Selbstfindung ? Mit lustigem Soundbutton für extra Spaß! ? Von Erfolgsautor Kai Lüftner und Illustratorin Wiebke Rauers Knatterdrache Furzipups ist eifersüchtig! Großer Bruder sein? - Gar nicht so leicht! Besonders, wenn die kleine Schwester etwas kann, das man selbst nicht hinkriegt. Feuerspeien zum Beispiel. Lulu Lavazunge legt mit einem Faucher das halbe Drachental in Flammen und alle sind begeistert. Alle außer Furzipups! Das sechste Furzipups-Abenteuer von Kai Lüftner und Wiebke Rauers mit viel Herz, Humor und einer dicken Portion Pupsspaß - auch dank des Soundbuttons. Perfekt für alle, die wissen, dass jeder Drache seine eigenen Stärken hat!</marc:subfield>
   </marc:datafield>
   <marc:datafield ind1=" " ind2=" " tag="020">
      <marc:subfield code="a">9783649648482</marc:subfield>
      <marc:subfield code="9">9783649648482</marc:subfield>
   </marc:datafield>
</marc:record>
